<?xml version="1.0" encoding="UTF-8"?>
<record
    xmlns:xsi="http://www.w3.org/2001/XMLSchema-instance"
    xsi:schemaLocation="http://www.loc.gov/MARC21/slim http://www.loc.gov/standards/marcxml/schema/MARC21slim.xsd"
    xmlns="http://www.loc.gov/MARC21/slim">

  <leader>02788cam a2200289   4500500</leader>
  <controlfield tag="005">20251228100144.0</controlfield>
  <datafield tag="041" ind1=" " ind2=" ">
    <subfield code="a">fre</subfield>
  </datafield>
  <datafield tag="042" ind1=" " ind2=" ">
    <subfield code="a">dc</subfield>
  </datafield>
  <datafield tag="100" ind1="1" ind2="0">
    <subfield code="a">Vial, &#xC9;ric</subfield>
    <subfield code="e">author</subfield>
  </datafield>
  <datafield tag="245" ind1="0" ind2="0">
    <subfield code="a">Reconsid&#xE9;rer le poids de l'antifascisme dans l'Italie r&#xE9;publicaine&#xA0;?</subfield>
  </datafield>
  <datafield tag="260" ind1=" " ind2=" ">
    <subfield code="c">2008.
							</subfield>
  </datafield>
  <datafield tag="500" ind1=" " ind2=" ">
    <subfield code="a">5</subfield>
  </datafield>
  <datafield tag="520" ind1=" " ind2=" ">
    <subfield code="a">R&#xE9;sum&#xE9;Dans les limites d&#x2019;une r&#xE9;ponse &#xE0; Ernesto Galli della Loggia, cet article expose des divergences quant &#xE0; plusieurs moments de l&#x2019;histoire italienne depuis 1943, &#xE0; la l&#xE9;gitimation de la R&#xE9;publique et au fonctionnement des r&#xE9;f&#xE9;rences &#xE0; l&#x2019;antifascisme. Celles-ci peuvent &#xEA;tre consid&#xE9;r&#xE9;es comme plus sectorielles dans les ann&#xE9;es 1950 que ce qui a &#xE9;t&#xE9; affirm&#xE9;. Elles furent souvent aberrantes mais marginales dans les ann&#xE9;es 1970 et en particulier assez peu utilis&#xE9;es dans le d&#xE9;bat politique par le parti communiste italien, puis tomb&#xE8;rent presque en d&#xE9;su&#xE9;tude dans les ann&#xE9;es 1980. De toute fa&#xE7;on, depuis 1992, apr&#xE8;s la grande recomposition du paysage politique italien et la bipolarisation gauche/droite, elles ont &#xE9;t&#xE9; relay&#xE9;es par d&#x2019;autres clivages o&#xF9; les h&#xE9;ritiers du fascisme, d&#xE9;sormais convertis &#xE0; la d&#xE9;mocratie, sont loin d&#x2019;&#xEA;tre les cibles privil&#xE9;gi&#xE9;es de la gauche. Reste qu&#x2019;il s&#x2019;agit d&#x2019;un sujet des plus ouverts, que ne sauraient &#xE9;puiser deux textes trop courts pour ne pas sembler p&#xE9;remptoires.</subfield>
  </datafield>
  <datafield tag="520" ind1=" " ind2=" ">
    <subfield code="a">Within the confines of a response to Ernesto Galli della Loggia, this article develops the divergences regarding several moments of Italian history since 1943 concerning the legitimacy of the Republic and the functioning of antifascist references. They can be considered more sectoral in the 1950s than what was stated. They were often aberrant but marginal in the 1970s and in particular not much used by the Italian communist party in the political debate and then practically fell out of use in the 1980s. In any case, since 1992, after the major recomposition of the Italian political landscape and the left/right bipolarization, they were carried on by other divisions in which the heirs of fascism, then converted to democracy, were far from being the left&#x2019;s favorite targets. It remains that the subject is wide open and could not exhaust the two texts too short not to seem peremptory.</subfield>
  </datafield>
  <datafield tag="690" ind1=" " ind2=" ">
    <subfield code="a">antifascisme</subfield>
  </datafield>
  <datafield tag="690" ind1=" " ind2=" ">
    <subfield code="a">historiographie</subfield>
  </datafield>
  <datafield tag="690" ind1=" " ind2=" ">
    <subfield code="a">politique</subfield>
  </datafield>
  <datafield tag="690" ind1=" " ind2=" ">
    <subfield code="a">R&#xE9;publique</subfield>
  </datafield>
  <datafield tag="690" ind1=" " ind2=" ">
    <subfield code="a">R&#xE9;sistance</subfield>
  </datafield>
  <datafield tag="690" ind1=" " ind2=" ">
    <subfield code="a">antifascism</subfield>
  </datafield>
  <datafield tag="690" ind1=" " ind2=" ">
    <subfield code="a">historiography</subfield>
  </datafield>
  <datafield tag="690" ind1=" " ind2=" ">
    <subfield code="a">politics</subfield>
  </datafield>
  <datafield tag="690" ind1=" " ind2=" ">
    <subfield code="a">Republic</subfield>
  </datafield>
  <datafield tag="690" ind1=" " ind2=" ">
    <subfield code="a">Resistance</subfield>
  </datafield>
  <datafield tag="786" ind1="0" ind2=" ">
    <subfield code="n">Vingti&#xE8;me Si&#xE8;cle. Revue d'histoire | 100 | 4 | 2008-10-20 | p. 79-85 | 0294-1759</subfield>
  </datafield>
  <datafield tag="856" ind1="4" ind2="1">
    <subfield code="u">https://shs.cairn.info/revue-vingtieme-siecle-revue-d-histoire-2008-4-page-79?lang=fr&amp;redirect-ssocas=7080</subfield>
  </datafield>
  <datafield tag="999" ind1=" " ind2=" ">
    <subfield code="c">1606246</subfield>
    <subfield code="d">1606246</subfield>
  </datafield>
</record>
